| 000 | 00471nam a2200145Ia 4500 | ||
|---|---|---|---|
| 008 | 100415s9999 xx 000 0 und d | ||
| 082 |
_b17614 _a581 |
||
| 100 | _aSUTARIA, R. N. | ||
| 245 | _aText Book Of Systematic Botany. (For B. Sc. Students) | ||
| 260 |
_aAHMEDABAD _c1966 _bKHADAYATA BOOK DEPOT |
||
| 365 | _b1 | ||
| 630 | _aText Book Of Systematic Botany. (For B. Sc. Students) | ||
| 730 | _aText Book Of Systematic Botany. (For B. Sc. Students) | ||
| 942 | _cBOOK | ||
| 999 |
_c600511 _d600508 |
||